Architects' working details. (Record no. 549204)
[ view plain ]
| 000 -LEADER | |
|---|---|
| fixed length control field | 00689cam a22001931 4500 |
| 020 ## - INTERNATIONAL STANDARD BOOK NUMBER | |
| International Standard Book Number | 0851390331 |
| 020 ## - INTERNATIONAL STANDARD BOOK NUMBER | |
| International Standard Book Number | 085139034X |
| 082 ## - DEWEY DECIMAL CLASSIFICATION NUMBER | |
| Classification number | 721 |
| Author Mark | ARC |
| -- | L-14, P-1 |
| 100 1# - MAIN ENTRY--PERSONAL NAME | |
| Personal name | Boyne, Colin. |
| 9 (RLIN) | 45747 |
| 245 10 - TITLE STATEMENT | |
| Title | Architects' working details. |
| 260 ## - PUBLICATION, DISTRIBUTION, ETC. | |
| Place of publication, distribution, etc. | London, |
| Name of publisher, distributor, etc. | Architectural Press |
| Date of publication, distribution, etc. | [1953- |
| 300 ## - PHYSICAL DESCRIPTION | |
| Extent | v. |
| Other physical details | illus., plates. |
| Dimensions | 31 cm. |
| 500 ## - GENERAL NOTE | |
| General note | "Consists mostly of working details that have appeared in the Architects' journal since publication was resumed after the war." |
| 526 ## - STUDY PROGRAM INFORMATION NOTE | |
| Program name | 0 |
| Interest level | 0 |
| Reading level | 0 |
| Title point value | 721_000000000000000_ARC |
| 526 ## - STUDY PROGRAM INFORMATION NOTE | |
| Program name | 0 |
| Interest level | 0 |
| Reading level | 0 |
| Title point value | 721_000000000000000_ARC |
| 526 ## - STUDY PROGRAM INFORMATION NOTE | |
| Program name | 0 |
| Interest level | 0 |
| Reading level | 0 |
| Title point value | 721_000000000000000_ARC |
| 650 #0 - SUBJECT ADDED ENTRY--TOPICAL TERM | |
| Topical term or geographic name entry element | Architecture |
| General subdivision | Details. |
| 9 (RLIN) | 31801 |
| 942 ## - ADDED ENTRY ELEMENTS (KOHA) | |
| Source of classification or shelving scheme | |
| Koha item type | Book |
| Withdrawn status | Lost status | Source of classification or shelving scheme | Damaged status | Not for loan | Permanent Location | Current Location | Date acquired | Total Checkouts | Full call number | Barcode | Date last seen | Price effective from | Koha item type |
|---|---|---|---|---|---|---|---|---|---|---|---|---|---|
| Military College of Engineering (MCE) | Military College of Engineering (MCE) | 09/18/2014 | 721 ARC | MCE-30430 | 09/18/2014 | 09/18/2014 | Book | ||||||
| Military College of Engineering (MCE) | Military College of Engineering (MCE) | 09/18/2014 | 721 ARC | MCE-30431 | 09/18/2014 | 09/18/2014 | Book | ||||||
| Military College of Engineering (MCE) | Military College of Engineering (MCE) | 09/18/2014 | 721 ARC | MCE-30432 | 09/18/2014 | 09/18/2014 | Book |
